01538nabaa22001937a 4500999001500000003000400015005001700019008004100036040000700077100003400084245017700118300001400295505075300309505009001062650003201152650002601184773012101210942001301331 c6105d6105OSt20260122085454.0190701b xxu||||| |||| 00| 0 spa d cPJ 96873aRivera, Fernando Manuel13aEl dominio y jurisdicción de las provincias con litoral marítimo en materia de pesca :bantecedentes de las provincias con litoral marítimo /cFernando Manuel Rivera. ap. 71-100 aSumario: I. La provincia de Buenos Aires.— II. La creación de las provincias patagónicas.— III. La determinación de límites en las constituciones de las provincias con litoral marítimo.— IV. Los límites provinciales en la jurisprudencia de la Corte Suprema.— V. La competencia en las causas de almirantazgo y jurisdicción marítima.— VI. La evolución de los derechos de los estados sobre el mar y la evolución de la legislación pesquera argentina.— VII. El art. 124 de la Constitución argentina de 1994.— VIII. La federalización de los hidrocarburos.— IX. Primacía del derecho federal.— X. La Convención de Derechos del Mar.— XI. La jurisprudencia de la Corte Suprema sobre los recursos pesqueros.  t¿Te interesa el texto completo? Comunicate al correo: koha@justierradelfuego.gov.ar  09211aDERECHO ADMINISTRATIVO 096874aDERECHO DEL MAR0 0284293251dBuenos Aires : AbeledoPerrot, 2012-oDA121tDerecho administrativo. Nº 145 enero/febrero 2023z18510590 2udccANA